Linear algebra : a modern introduction (Record no. 12056)

000 -LEADER
fixed length control field 00467nam a22001817a 4500
008 - FIXED-LENGTH DATA ELEMENTS--GENERAL INFORMATION
fixed length control field 220407b 2020 ||||| |||| 00| 0 eng d
020 ## - INTERNATIONAL STANDARD BOOK NUMBER
International Standard Book Number 9788131530245
082 ## - DEWEY DECIMAL CLASSIFICATION NUMBER
Classification number 512.5
Item number POO
100 ## - MAIN ENTRY--PERSONAL NAME
Personal name Poole, David
245 ## - TITLE STATEMENT
Title Linear algebra : a modern introduction
250 ## - EDITION STATEMENT
Edition statement 4th Ed.
260 ## - PUBLICATION, DISTRIBUTION, ETC. (IMPRINT)
Place of publication, distribution, etc new Delhi
Name of publisher, distributor, etc Cengage Learning
Date of publication, distribution, etc 2020
300 ## - PHYSICAL DESCRIPTION
Extent xxii, 649p. + Appendix
650 ## - SUBJECT ADDED ENTRY--TOPICAL TERM
Topical term or geographic name as entry element Algebras, Linear
650 ## - SUBJECT ADDED ENTRY--TOPICAL TERM
Topical term or geographic name as entry element Vectors
650 ## - SUBJECT ADDED ENTRY--TOPICAL TERM
Topical term or geographic name as entry element Matrices
942 ## - ADDED ENTRY ELEMENTS (KOHA)
Item type Books
Holdings
Withdrawn status Lost status Source of classification or shelving scheme Damaged status Not for loan Collection code Permanent location Current location Shelving location Date acquired Total Checkouts Full call number Barcode Date last seen Date last borrowed Koha item type Public note
          Non-fiction IMU-MPC Library IMU-MPC Library General Stacks 2022-04-07 1 512.5 POO MPC6551 2025-03-17 2022-12-19 Books Column--2
          Non-fiction IMU-MPC Library IMU-MPC Library General Stacks 2022-04-07   512.5 POO MPC6552 2025-03-17   Books Column--2
Copyright © 2021 Indian Maritime University, Mumbai Port Campus. All Rights Reserved. Managed & Maintained by Central Library, IMU-Mumbai

webs counters

Powered by Koha